Detalles MARC
| 000 -CABECERA |
| campo de control de longitud fija |
00952nam a22002537a 4500 |
| 003 - IDENTIFICADOR DEL NÚMERO DE CONTROL |
| campo de control |
BPGM |
| 008 - DATOS DE LONGITUD FIJA--INFORMACIÓN GENERAL |
| campo de control de longitud fija |
260618b2006 mx ||||| |||| 001 0 spa d |
| 020 ## - NÚMERO INTERNACIONAL ESTÁNDAR DEL LIBRO |
| Número Internacional Estándar del Libro |
970-771-007-1 |
| 040 ## - FUENTE DE LA CATALOGACIÓN |
| Centro catalogador/agencia de origen |
BPGM |
| Lengua de catalogación |
spa |
| 041 ## - CÓDIGO DE LENGUA |
| Código de lengua del texto/banda sonora o título independiente |
spa |
| Código de lengua original |
spa |
| 082 04 - NÚMERO DE LA CLASIFICACIÓN DECIMAL DEWEY |
| Número de edición |
2006 |
| Número de clasificación |
CQ 861M / |
| Número de documento/Ítem |
V37529/ V36 |
| 100 ## - ENTRADA PRINCIPAL--NOMBRE DE PERSONA |
| Nombre de persona |
VEGA REAL, GABRIEL |
| 245 ## - MENCIÓN DE TÍTULO |
| Título |
EL VENDEDOR DE POEMAS |
| 260 ## - PUBLICACIÓN, DISTRIBUCIÓN, ETC. |
| Lugar de publicación, distribución, etc. |
QUERETARO ; |
| Nombre del editor, distribuidor, etc. |
INSTITUTO QUERETANO DE LA CULTURA Y LAS ARTES , |
| Fecha de publicación, distribución, etc. |
2006 . |
| 300 ## - DESCRIPCIÓN FÍSICA |
| Extensión |
59 |
| Dimensiones |
22.2 cm x 10.3 cm |
| 336 ## - TIPO DE CONTENIDO |
| Fuente |
rdacontent |
| Término de tipo de contenido |
texto |
| Código de tipo de contenido |
txt |
| 337 ## - TIPO DE MEDIO |
| Fuente |
rdamedia |
| Nombre/término del tipo de medio |
sin mediación |
| Código del tipo de medio |
n |
| 338 ## - TIPO DE SOPORTE |
| Fuente |
rdacarrier |
| Nombre/término del tipo de soporte |
volumen |
| Código del tipo de soporte |
nc |
| 505 ## - NOTA DE CONTENIDO CON FORMATO |
| Nota de contenido con formato |
EL VENDEDOR DE POEMAS ES UNA METÁFORA SOBRE LA RESISTENCIA DE LOS SENTIMIENTOS ANTE LA INDIFERENCIA DEL MUNDO INDUSTRIALIZADO, RECORDÁNDONOS QUE SIEMPRE HABRÁ ESPACIO PARA LA POESÍA EN EL CORAZÓN HUMANO. |
| 650 ## - PUNTO DE ACCESO ADICIONAL DE MATERIA--TÉRMINO DE MATERIA |
| Término de materia o nombre geográfico como elemento de entrada |
LITERATURA Y RETÓRICA |
| 650 ## - PUNTO DE ACCESO ADICIONAL DE MATERIA--TÉRMINO DE MATERIA |
| Fuente del encabezamiento o término |
LITERATURAS ESPAÑOLA Y PORTUGUESA |
| 650 ## - PUNTO DE ACCESO ADICIONAL DE MATERIA--TÉRMINO DE MATERIA |
| Término de materia o nombre geográfico como elemento de entrada |
POESÍA ESPAÑOLA |
| 942 ## - ELEMENTOS DE PUNTO DE ACCESO ADICIONAL (KOHA) |
| Fuente del sistema de clasificación o colocación |
Dewey Decimal Classification |
| Tipo de ítem Koha |
Colección Querétaro |